Kezdet
Elmentve itt :
| Szerző: | |
|---|---|
| Dokumentumtípus: | Cikk |
| Megjelent: |
1986
|
| Sorozat: | Harmadkor
|
| Kulcsszavak: | Magyar irodalom - vers |
| Tárgyszavak: | |
| Online Access: | http://acta.bibl.u-szeged.hu/8151 |
| LEADER | 00611nab a2200205 i 4500 | ||
|---|---|---|---|
| 001 | acta8151 | ||
| 005 | 20250620153941.0 | ||
| 008 | 161015s1986 hu o 000 hun d | ||
| 022 | |a 0237-4951 | ||
| 040 | |a SZTE Egyetemi Kiadványok Repozitórium |b hun | ||
| 041 | |a hun | ||
| 100 | 1 | |a Szijj Ferenc | |
| 245 | 1 | 0 | |a Kezdet |h [elektronikus dokumentum] / |c Szijj Ferenc |
| 260 | |c 1986 | ||
| 300 | |a 117 | ||
| 490 | 0 | |a Harmadkor | |
| 650 | 4 | |a Bölcsészettudományok | |
| 650 | 4 | |a Nyelvek és irodalom | |
| 695 | |a Magyar irodalom - vers | ||
| 856 | 4 | 0 | |u http://acta.bibl.u-szeged.hu/8151/1/harmadkor_005_117.pdf |z Dokumentum-elérés |